| 000 | 00696nam a22002417a 4500 | ||
|---|---|---|---|
| 999 |
_c12827 _d12827 |
||
| 003 | AR-CdUCM | ||
| 008 | 190410b ||||| |||| 00| 0 spa d | ||
| 040 |
_aMUNICIPALIDAD PROVINCIAL DEL CUSCO _cBIBLIOTECA MUNICIPAL DEL CUSCO |
||
| 082 |
_aES / 373.808 / _bR52 |
||
| 100 |
_aRibeyra, J. R. _930908 |
||
| 245 | _aAntologia / | ||
| 260 |
_aLima : _bEdiciones Peisa, _c1973. |
||
| 300 |
_a189 paginas ; _c16 cm. |
||
| 500 | _aCuentos Literarios | ||
| 650 |
_aLiteratura _983 |
||
| 650 |
_aCuentos _9217 |
||
| 650 |
_aHistoria _9136 |
||
| 650 |
_aPerĂº _935 |
||
| 700 |
_aDelgado Olivera, Carlos _91354 |
||
| 700 |
_aAnibar, Carlos _930909 |
||
| 942 |
_2ddc _cLIBROS |
||
| 945 |
_apjha _d2019-04-10 |
||